Imaginario / (Registro nro. 11196)

Detalles MARC
000 -LEADER
fixed length control field 00734nam a2200265 b 4500
001 - CONTROL NUMBER
control field 0000616
003 - CONTROL NUMBER IDENTIFIER
control field DO-SdBNP
005 - DATE AND TIME OF LATEST TRANSACTION
control field 20180126105917.0
007 - PHYSICAL DESCRIPTION FIXED FIELD--GENERAL INFORMATION
fixed length control field 0000616
008 - FIXED-LENGTH DATA ELEMENTS--GENERAL INFORMATION
fixed length control field 050617 2009 sp spa
017 ## - COPYRIGHT OR LEGAL DEPOSIT NUMBER
Copyright or legal deposit number
Assigning agency
020 ## - INTERNATIONAL STANDARD BOOK NUMBER
International Standard Book Number 9788498957150
035 ## - SYSTEM CONTROL NUMBER
System control number
040 ## - CATALOGING SOURCE
Original cataloging agency BPMSU
Language of cataloging spa
Transcribing agency BPMSU
Description conventions
100 1# - MAIN ENTRY--PERSONAL NAME
Personal name Vela, Javier,
Dates associated with a name 1981-
245 10 - TITLE STATEMENT
Title Imaginario /
Statement of responsibility, etc. Javier Vela
Medium
260 ## - PUBLICATION, DISTRIBUTION, ETC. (IMPRINT)
Place of publication, distribution, etc. Madrid :
Name of publisher, distributor, etc. Visor libros,
Date of publication, distribution, etc. 2009.
300 ## - PHYSICAL DESCRIPTION
Extent 48 p. :
Dimensions 20 cm.
490 1# - SERIES STATEMENT
Series statement Visor de poesía
Volume/sequential designation 715
586 ## - AWARDS NOTE
Awards note XXI Premio Internacional de Poesía Fundación Loewe a la Joven Creación.
830 #0 - SERIES ADDED ENTRY--UNIFORM TITLE
Uniform title Visor de poesía
Number of part/section of a work 715
942 ## - ADDED ENTRY ELEMENTS (KOHA)
Source of classification or shelving scheme Dewey Decimal Classification
Koha item type Libros
945 ## - LOCAL PROCESSING INFORMATION (OCLC)
a Inventariado, 2018 /LP
956 ## - LOCAL ELECTRONIC LOCATION AND ACCESS (OCLC)
Host name YLOCKWARD
Access number 10
Path BPMSU
Electronic name 00144
Existencias
Withdrawn status Lost status Source of classification or shelving scheme Damaged status Not for loan Collection code Home library Current library Date acquired Source of acquisition Total Checkouts Barcode Date last seen Price effective from Koha item type
    Dewey Decimal Classification     Colección General Biblioteca Pública Metropolitana Salomé Ureña Biblioteca Pública Metropolitana Salomé Ureña 08/29/2016 Sin sellar   BPMSU16080241 08/29/2016 08/29/2016 Libros